Online
Catalog

Los hombres de prometeo : (Record no. 45015)

MARC details
000 -CABECERA
campo de control de longitud fija 00577nam a2200157 a 4500
001 - NÚMERO DE CONTROL
campo de control 000045526
005 - FECHA Y HORA DE LA ÚLTIMA TRANSACCIÓN
campo de control 20201002052310.0
008 - DATOS DE LONGITUD FIJA--INFORMACIÓN GENERAL
campo de control de longitud fija 150414s1988 pr a 000 0 spa d
040 ## - FUENTE DE LA CATALOGACIÓN
Centro catalogador/agencia de origen DO-SdBNP
Lengua de catalogación spa
Centro/agencia transcriptor BNPHU
082 ## - NÚMERO DE LA CLASIFICACIÓN DECIMAL DEWEY
Número de clasificación xxxx
Número de documento/Ítem xxxx
100 1# - ENTRADA PRINCIPAL--NOMBRE DE PERSONA
Nombre de persona Alegría Pons, Ricardo
9 (RLIN) 73584
245 14 - MENCIÓN DE TÍTULO
Título Los hombres de prometeo :
Resto del título notas para una filosofía de la independencia /
Mención de responsabilidad, etc. Ricardo Alegría Pons.
260 ## - PUBLICACIÓN, DISTRIBUCIÓN, ETC.
Lugar de publicación, distribución, etc. San Juan, Puerto Rico :
Nombre del editor, distribuidor, etc. Ediciones Compromiso,
Fecha de publicación, distribución, etc. 1988.
300 ## - DESCRIPCIÓN FÍSICA
Extensión 51 p. :
Otras características físicas il. ;
Dimensiones 19 cm.
500 ## - NOTA GENERAL
Nota general Incluye referencias bibliográficas y notas al pie de las páginas.
Holdings
Estado de retiro Estado de pérdida Restricciones de uso No para préstamo Código de colección Localización permanente Ubicación/localización actual Ubicación en estantería Fecha de adquisición Número de inventario Total de préstamos Signatura topográfica completa Código de barras Fecha visto por última vez Precio válido a partir de Tipo de ítem Koha
      Excluido de préstamo Monografías: Libros y Folletos Patrimonio Dominicano Patrimonio Dominicano Depósito 14.04.2015 LF1   xxxx xxxx 45526-10 25.06.2020 25.06.2020 No se presta

Powered by Koha